000 00674nam a2200181 a 4500
008 120416s1981 ||||||||||||||||| || u
050 _aHD 60 Cor
100 _aBradshaw, Thornton
245 1 0 _aCorporations and their critics
_cedited by Thornton Bradshaw
246 _aissues and answers to the problems of corporate social responsibility
260 _aNew York
_bMcGraw-Hill
_c[1981]
300 _axiii, 285p. : ill
350 _a0.00
650 0 _aBUSINESS
650 _aCORPORATIONS
700 _aVogel, David
995 _D0.00
_FCBU-MAIN LIBRARY (Kitwe)
_H1
_I0.00
_M1
_UAVAILABLE
_ZAnnex Low-Usage Collection
999 _c38929
_d38929